| 000 | 00741nam a22002055i 4500 | ||
|---|---|---|---|
| 001 | 169142 | ||
| 003 | ES-MaACL | ||
| 005 | 20250812074048.0 | ||
| 008 | 080819s1869 fr |||| | fre d | ||
| 080 | _a355 | ||
| 100 | 1 |
_aRüstow, Wilhelm. _9101061 |
|
| 245 | 1 | 2 |
_aL'art militaire au XIXe siècle _b: stratégie, histoire militaire / _cRüstow ; traduit de l'allemand sur la deuxième edition (1867) par Savin de Larclause. |
| 260 |
_aParis : _bJ. Dumaine, _c1869. |
||
| 300 |
_a2 v. ; _c22 cm. |
||
| 505 | 8 | _aContiene: T. I (1792-1815) -- T.II (1815-1867) | |
| 650 | 1 | 7 |
_aArte y ciencia militar _2embne _9135619 |
| 700 | 1 |
_aSavin de Larclause, Agénor. _9138208 |
|
| 852 |
_aES-MaACL _jF-8779-80 _9R.143615 |
||
| 999 |
_c169142 _d169142 |
||